| 000 | 00795nam a22001815i 4500 | ||
|---|---|---|---|
| 001 | 155947 | ||
| 003 | ES-MaACL | ||
| 005 | 20230906210248.0 | ||
| 008 | 050715s1879 sp | |||||||| ||spa d | ||
| 040 |
_aCAM _bspa _cCAM |
||
| 110 | 2 |
_aInstituto de San Isidro (Madrid) _9134549 |
|
| 245 | 1 | 0 |
_aResúmen acerca del estado del Instituto de S. Isidro de Madrid (antiguos Estudios del mismo nombre) en el curso de 1877 a 1878 / _cpor Bernardo Rodríguez Largo. |
| 260 |
_aMadrid : _b[s.n.], _c1879 ( _fImprenta de Alejandro Gómez Fuentenebro) |
||
| 300 |
_a58 p., [1] h. pleg ; _c22 cm. |
||
| 610 | 2 | 4 |
_aInstituto de San Isidro (Madrid)- _vMemorias y balances. _9134550 |
| 700 | 1 |
_aRodríguez y Largo, Bernardo. _9131943 |
|
| 852 |
_aES-MaACL _jT-315-F-3 _z-- Enc. hol. _z-- Enc. en un vol. facticio |
||
| 999 |
_c155947 _d155947 |
||